Erase una vez en la Tolita (Registro nro. 83681)
[ vista simple ]
| 000 -CABECERA | |
|---|---|
| Longitud fija campo de control | 01520nam a2200325 4500 |
| 003 - IDENTIFICADOR DEL NÚMERO DE CONTROL | |
| Identificador del número de control | EC-QuCCB |
| 005 - FECHA Y HORA DE LA ÚLTIMA TRANSACCIÓN | |
| Fecha y hora de la última transacción | 20260319110753.0 |
| 007 - CAMPO FIJO DE DESCRIPCIÓN FÍSICA--INFORMACIÓN GENERAL | |
| Campo fijo de descripción física | ta |
| 008 - DATOS DE LONGITUD FIJA--INFORMACIÓN GENERAL | |
| Códigos de información de longitud fija | 260319s1988 ec a|||er|||| 00| 0 spa d |
| 040 ## - FUENTE DE LA CATALOGACIÓN | |
| Centro catalogador de origen | EC-QuCCB |
| 041 ## - CÓDIGO DE LENGUA | |
| Código de lengua del texto;banda sonora o título independiente | spa |
| 082 ## - NÚMERO DE LA CLASIFICACIÓN DECIMAL DEWEY | |
| Número de clasificación | I 986.6 |
| Número de documento | J371 |
| 100 1# - ENTRADA PRINCIPAL--NOMBRE DE PERSONA | |
| Nombre de persona | Jaramillo, María Mercedes, |
| 9 (RLIN) | 23076 |
| 245 ## - MENCIÓN DE TÍTULO | |
| Título | Erase una vez en la Tolita |
| Mención de responsabilidad, etc. | María Mercedes Jaramillo |
| 250 ## - MENCIÓN DE EDICIÓN | |
| Mención de edición | Primera edición |
| 260 ## - PUBLICACIÓN, DISTRIBUCIÓN, ETC. (PIE DE IMPRENTA) | |
| Lugar de publicación, distribución, etc. | Quito, Ecuador : |
| Nombre del editor, distribuidor, etc. | Banco Central del Ecuador, |
| Fecha de publicación, distribución, etc. | 1988 |
| 300 ## - DESCRIPCIÓN FÍSICA | |
| Extensión | 102 páginas : |
| Otros detalles físicos | ilustraciones ; |
| Dimensiones | 21 cm |
| 336 ## - TIPO DE CONTENIDO | |
| Content type term | texto |
| Content type code | txt |
| 337 ## - TIPO DE MEDIO | |
| Media type term | no mediado |
| Media type code | n |
| 338 ## - TIPO DE PORTADOR | |
| Carrier type term | volumen |
| Carrier type code | nc |
| 490 ## - MENCIÓN DE SERIE | |
| Mención de serie | Amancay ; |
| Número de volumen/designación secuencial | número 1 |
| 504 ## - NOTA DE BIBLIOGRAFÍA, ETC. | |
| Enlace | Bibliografía : página 102 |
| 520 ## - SUMARIO, ETC. | |
| Sumario, etc, | La presente publicación dirigida al público adolescente e infantil es el resultado del esfuerzo de un grupo de personeros de los Museos del Banco Central del Ecuador que se enfoca a cumplir con la meta de llenar el vacío existente en el campo de la difusión didáctica de nuestro prolífero y milenario acervo arqueológico. "Erase una vez en la Tolita", constituye un aporte en el área de la educación no-formal; línea que los museos han alentado en su quehacer diario, por haber comprobado en la práctica -a través de los años- su absoluta eficacia y validez en materia pedagógica. |
| 521 ## - NOTA DE PÚBLICO DESTINATARIO | |
| Nota público destinatario (R ) | Azul Niños de 7 a 9 años |
| 590 ## - NOTA LOCAL (RLIN) | |
| Nota local | bgg |
| 650 #4 - PUNTO DE ACCESO ADICIONAL DE MATERIA--TÉRMINO DE MATERIA | |
| Nombre de materia o nombre geográfico como elemento de entrada | Cultura ecuatoriana |
| 9 (RLIN) | 11888 |
| 651 #4 - PUNTO DE ACCESO ADICIONAL DE MATERIA--NOMBRE GEOGRÁFICO | |
| Nombre geográfico | Ecuador |
| Subdivisión de materia general | Historia |
| 9 (RLIN) | 16977 |
| 942 ## - ELEMENTOS DE PUNTO DE ACCESO ADICIONAL (KOHA) | |
| Fuente de clasificaión o esquema | Dewey Decimal Classification |
| Koha [por defecto] tipo de item | Monografía |
| Suprimido | Perdido | Fuente de clasificación o esquema | Estropeado | Restricciones de uso | No se presta | Koha Colección | Localización (Biblioteca) | Localización actual | Localización en estanterías | Fecha adquisición | Fuente de adquisición | Préstamos totales | Clasificación completa | Designación de pieza (código de barras) | Fecha última consulta | Número de ejemplar | Fecha del precio de reemplazo | Tipo de item de Koha | Note pública |
|---|---|---|---|---|---|---|---|---|---|---|---|---|---|---|---|---|---|---|---|
| Disponible | Dewey Decimal Classification | Sin daños | Sin restricciones de uso | Disponible para préstamo | INFANTIL | Biblioteca y Archivo de la CCE | Biblioteca y Archivo de la CCE | INFANTIL | 19/03/2026 | Donación Dietlind Brehme | I 986.6 J371 | 0017240 | 19/03/2026 | Ej. 1 | 19/03/2026 | Monografía | Azul Niños de 7 a 9 años |























